000 00409nam a22001217a 4500
999 _c1893
_d1893
005 20200904153724.0
008 200904b ||||| |||| 00| 0 eng d
020 _a05212527565
040 _cCML
245 _aHigh Vacuum Technigues for Chemical Syntheses and Measurements.
_cPlesch, P.H.
260 _aGreat Britain
_bCambridge University Press
_c1989
942 _2ddc
_cBK
_e1st Edition
_h547
_mPLE